Normal view MARC view

Entry Uniform Title

Number of records used in: 4

001 - CONTROL NUMBER

  • control field: 18626

003 - CONTROL NUMBER IDENTIFIER

  • control field: dpl

005 - DATE AND TIME OF LATEST TRANSACTION

  • control field: 20100906152714.0

008 - FIXED-LENGTH DATA ELEMENTS

  • fixed length control field: 100906|||a|||||| | ||| d

040 ## - CATALOGING SOURCE

  • Original cataloging agency: dpl
  • Transcribing agency: dpl

130 ## - HEADING--UNIFORM TITLE

  • Uniform title: Music of India

670 ## - SOURCE DATA FOUND

  • Source citation: Work cat.: (dpl)44058: 17690 Ravi Shankar, Raga and Talas /

670 ## - SOURCE DATA FOUND

  • Source citation: Work cat.: (dpl)44058: 17690 Ravi Shankar, Raga and Talas /

© Delhi Public Library
Hit Counter
free hit counter